| 000 | 00506nam a22001817a 4500 | ||
|---|---|---|---|
| 003 | OSt | ||
| 005 | 20260430052732.0 | ||
| 008 | 260430b |||||||| |||| 00| 0 eng d | ||
| 020 | _a 0-8039-3323-1 | ||
| 040 |
_aDWC-Main lib _cOC |
||
| 082 | _aCirc. 301 Y14 1991 | ||
| 100 | _aYamaguchi Kazuo | ||
| 245 |
_aEvent history analysis/ _cYamaguchi Kazuo |
||
| 260 |
_aNew Delhi : _bSage pub., _c c1991. |
||
| 300 |
_a181 p. ; _c 23 cm. |
||
| 504 | _ainclude reference. | ||
| 942 |
_2ddc _cBK-CIRC _kCirc. _n0 |
||
| 999 |
_c10123 _d10123 |
||